La Conyuntura Bananera, los productos complementarios y la dinámica productiva empresarial para la exportación de la United Fruit Company en el caribe costarricense: 1883-1934 /
Analiza la coyuntura de la producción y exportación bananera en el Caribe costarricense, en el período 1883-1934, con el fin de aportar evidencias regionales del funcionamiento del desarrollo agroexportador y revisar el concepto de enclave. Estudia la coyuntura bananera, los precios nominales y real...
Na minha lista:
| Autor principal: | |
|---|---|
| Formato: | Texto |
| Assuntos: | |
| Tags: |
Adicionar Tag
Sem tags, seja o primeiro a adicionar uma tag!
|
MARC
| LEADER | 00000 a a2200000 04500 | ||
|---|---|---|---|
| 001 | 15646 | ||
| 003 | |||
| 040 | |||
| 100 | |a Viales Hurtado, Ronny J | ||
| 245 | |a La Conyuntura Bananera, los productos complementarios y la dinámica productiva empresarial para la exportación de la United Fruit Company en el caribe costarricense: 1883-1934 / |c Ronny J Viales Hurtado | ||
| 520 | |a Analiza la coyuntura de la producción y exportación bananera en el Caribe costarricense, en el período 1883-1934, con el fin de aportar evidencias regionales del funcionamiento del desarrollo agroexportador y revisar el concepto de enclave. Estudia la coyuntura bananera, los precios nominales y reales de banano exportado y la estrategia empresarial de cultivos alternativos desarrollada por la UFCo. durante ese período | ||
| 650 | |a DIVERSIFICACION DE CULTIVOS | ||
| 650 | |a DIVERSIFICACION DE EXPORTACIONES | ||
| 650 | |a EXPORTACIONES | ||
| 650 | |a PROMOCION DE LAS EXPORTACIONES | ||
| 650 | |a PRODUCCION | ||
| 650 | |a BANANOS | ||
| 650 | |a EMPRESAS TRANSNACIONALES | ||
| 650 | |a EXPORTACIONES | ||
| 773 | |g número 44; páginas 69-119 | ||
| 999 | |c 27516 |d 27516 | ||
